LEADER 03845nam 2200817 a 450 001 9910779009903321 005 20230126202841.0 010 $a1-280-57051-2 010 $a9786613600110 010 $a3-11-026816-7 024 7 $a10.1515/9783110268164 035 $a(CKB)2550000000101242 035 $a(EBL)893615 035 $a(OCoLC)794684549 035 $a(SSID)ssj0000678069 035 $a(PQKBManifestationID)11469946 035 $a(PQKBTitleCode)TC0000678069 035 $a(PQKBWorkID)10699451 035 $a(PQKB)11317861 035 $a(MiAaPQ)EBC893615 035 $a(DE-B1597)173649 035 $a(OCoLC)853255423 035 $a(DE-B1597)9783110268164 035 $a(Au-PeEL)EBL893615 035 $a(CaPaEBR)ebr10562580 035 $a(CaONFJC)MIL360011 035 $a(EXLCZ)992550000000101242 100 $a20120210d2012 uy 0 101 0 $aeng 135 $aur|n|---||||| 181 $ctxt 182 $cc 183 $acr 200 10$aJewish integration in the German army in the First World War$b[electronic resource] /$fDavid J. Fine 210 $aBoston $cDe Gruyter$d2012 215 $a1 online resource (192 p.) 225 1 $aNew perspectives on modern Jewish history,$x2192-9645 ;$vv. 2 300 $aDescription based upon print version of record. 311 $a3-11-026796-9 320 $aIncludes bibliographical references and index. 327 $t Frontmatter -- $tAcknowledgements -- $tTable of Contents -- $tList of Tables -- $tList of Illustrations -- $tChapter 1: Introduction -- $tChapter 2: Religion at the Front -- $tChapter 3: Encountering Eastern European Jewry -- $tChapter 4: Antisemitism and Integration -- $tAfterword -- $tAppendix: A Selection of Cited Sources from the Allgemeine Zeitung des Judentums -- $tBibliography -- $tIndex of Persons 330 $aIn Jewish Integration in the German Army in the First World War David J. Fine offers a surprising portrayal of Jewish officers in the German army as integrated and comfortably identified as both Jews and Germans. Fine explores how both Judaism and Christianity were experienced by Jewish soldiers at the front, making an important contribution to the study of the experience of religion in war. Fine shows how the encounter of German Jewish soldiers with the old world of the shtetl on the eastern front tested both their German and Jewish identities. Finally, utilizing published and unpublished sources including letters, diaries, memoirs, military service records, press accounts, photographs, drawings and tomb stone inscriptions, the author argues that antisemitism was not a primary factor in the war experience of Jewish soldiers. 410 0$aNew perspectives on modern Jewish history ;$vv. 2. 606 $aJewish soldiers$zGermany$xHistory$y20th century 606 $aJews$zGermany$xHistory$y20th century 606 $aJews$zGermany$xSocial conditions$y20th century 606 $aSocial integration$zGermany 606 $aWorld War, 1914-1918$xJews$zGermany 606 $aWorld War, 1914-1918$xParticipation, Jewish 607 $aGermany$xEthnic relations 610 $aAnti Semitism. 610 $aChristianity. 610 $aJewish Identity. 610 $aJudaism. 610 $aReligion. 610 $aWorld War I. 615 0$aJewish soldiers$xHistory 615 0$aJews$xHistory 615 0$aJews$xSocial conditions 615 0$aSocial integration 615 0$aWorld War, 1914-1918$xJews 615 0$aWorld War, 1914-1918$xParticipation, Jewish. 676 $a940.4/1343089924 700 $aFine$b David J$01102130 801 0$bMiAaPQ 801 1$bMiAaPQ 801 2$bMiAaPQ 906 $aBOOK 912 $a9910779009903321 996 $aJewish integration in the German army in the First World War$93838669 997 $aUNINA LEADER 05078nam 22007335 450 001 9910633925903321 005 20251219123632.0 010 $a3-031-05855-0 024 7 $a10.1007/978-3-031-05855-4 035 $a(MiAaPQ)EBC7150633 035 $a(Au-PeEL)EBL7150633 035 $a(CKB)25510408900041 035 $a(PPN)266354157 035 $a(OCoLC)1352971648 035 $a(DE-He213)978-3-031-05855-4 035 $a(EXLCZ)9925510408900041 100 $a20221130d2022 u| 0 101 0 $aeng 135 $aurcnu|||||||| 181 $ctxt$2rdacontent 182 $cc$2rdamedia 183 $acr$2rdacarrier 200 10$aRobot-Assisted Radical Prostatectomy $eAdvanced Surgical Techniques /$fedited by Shancheng Ren, Senthil Nathan, Nicola Pavan, Di Gu, Ashwin Sridhar, Riccardo Autorino 205 $a1st ed. 2022. 210 1$aCham :$cSpringer International Publishing :$cImprint: Springer,$d2022. 215 $a1 online resource (390 pages) $cillustrations 225 1 $aMedicine Series 311 08$aPrint version: Ren, Shancheng Robot-Assisted Radical Prostatectomy Cham : Springer International Publishing AG,c2023 9783031058547 320 $aIncludes bibliographical references and index. 327 $aAn historical perspective of RALP -- Overviewing Robotic Surgical Technique -- How to start a RALP program -- Surgical anatomy of the prostate -- Preoperative imaging -- MRI imaging -- PET/CT imaging -- Transperitoneal RALP anterior approach -- Posterior approach to seminal vesicles -- Anatomical bladder neck dissection -- Retrograde Release of NVB with preservation of DVC -- Introperative assessment of surgical margins -- NEUROsafe -- Ex vivo fluorescence confocal microscopy -- Extra-fascial (non-nerve sparing) -- Apical dissection -- Reconstruction of continence mechanisms -- Urethro-vesical -- Urethral suspension -- Bladder neck intussusception -- Posterior reconstruction -- CORPUS -- ARVUS -- Chinese technique -- Total anatomical reconstruction -- Transperitoneal RALP Retzius-sparing approach -- Bocciardi Technique -- Yonsei Technique -- Vattikuti technique -- Extra-peritoneal RALP -- Rochester technique -- Chinese Technique -- CUF Technique -- Pelvic lymph node dissection -- Predictive models -- Extended lymphadenectomy technique -- Fluorescence guided node dissection -- PSMA MRI fusion guided dissection -- Radio guided Surgery in Recurrent Prostate Cancer -- Techniques to prevent lymphocele formation in RALP -- Four-point Peritoneal Flap Fixation -- PLEAT -- Hernia repair during RALP -- Perineal RALP -- Tugcu Bakirkoy Technique -- Changhai technique -- Single-site RALP -- Cleveland Clinic technique -- UIC technique -- Changhai technique -- RALP in difficult situations -- Large median lobe -- Large volume gland with small pelvis -- Patients with previous BPH surgery -- Salvage RALP -- RALP for oligo-metastatic disease -- Augmented reality RALP -- Robot assisted partial prostatectomy for anterior cancer -- Complications in RALP: prevention and management -- Functional recovery after RALP -- Erectile function -- Continence -- Robotic training for RALP. . 330 $aThis book comprehensively covers the techniques available for robot- assisted prostatectomy. Chapters feature detailed descriptions of how to successfully perform a variety of relevant techniques including the reconstruction of continence mechanisms and the use of the transperitoneal RALP anterior approach. Potential complications, preoperative and postoperative management strategies are also discussed, enabling the reader to develop a thorough understanding of how to apply a range of relevant methodologies into their day-to-day clinical practice and avoid commonly encountered pitfalls. Robot-Assisted Radical Prostatectomy: Advanced Surgical Techniques provides a practically applicable resource for all practicing and trainee urologists seeking a detailed overview of the latest advances in robot-assisted surgical procedures and current management strategies applicable to prostatectomy. . 410 0$aMedicine Series 606 $aUrology 606 $aCancer$xTreatment 606 $aSurgery 606 $aUrology 606 $aCancer Therapy 606 $aSurgery 606 $aProstatectomia$2thub 606 $aRobòtica en medicina$2thub 608 $aLlibres electrònics$2thub 615 0$aUrology. 615 0$aCancer$xTreatment. 615 0$aSurgery. 615 14$aUrology. 615 24$aCancer Therapy. 615 24$aSurgery. 615 7$aProstatectomia 615 7$aRobòtica en medicina 676 $a617 676 $a617.463 701 $aRen$b Shancheng$01354618 701 $aNathan$b Senthil$01354619 701 $aPavan$b Nicola$01354620 701 $aGu$b Di$01354621 701 $aSridhar$b Ashwin$01354622 701 $aAutorino$b Riccardo$01354623 801 0$bMiAaPQ 801 1$bMiAaPQ 801 2$bMiAaPQ 906 $aBOOK 912 $a9910633925903321 996 $aRobot-assisted radical prostatectomy$93346611 997 $aUNINA